Methods of Microeconomics A Simple Introduction

Saved in:
Bibliographic Details
Main Author: Erickson, K. H.
Format: Book
Language:English
Published: [S.l.] [s.n.] 2014
Subjects:
Tags: Add Tag
No Tags, Be the first to tag this record!

MARC

LEADER 00000nam a2200000 4500
001 0279934
005 20240416113605.3
020 |a 9781502993878 
041 0 |a eng 
044 |a US 
245 1 0 |a Methods of Microeconomics  |b A Simple Introduction  |c K. H. Erickson 
264 1 |a [S.l.]  |b [s.n.]  |c 2014 
300 |a 100 s. 
610 2 0 |a mikroekonomika 
610 2 0 |a metódy 
610 2 0 |a vzťahy ekonomické 
610 2 0 |a preferencie spotrebiteľské 
610 2 0 |a riziko 
610 2 0 |a náklady 
610 2 0 |a zisk 
610 2 0 |a firmy 
610 2 0 |a informácie 
610 2 0 |a optimalizácia 
100 1 |a Erickson, K. H.